• 首页
  • 本馆介绍
  • 公告通知
  • 最新文献
  • 馆藏检索
  • 电子资源
  • 读者导购
  • 参考咨询
  • 我的图书馆
  • 登录
  • 详细信息显示
  • 放入我的书架
  • 预约/预借图书
  • 作者相关作品
  • 分类相关作品
  • 丛书相关作品
  • 出版社相关作品

书目信息

  • 表格格式
  • 工作单格式
  • 卡片格式
题名:
旅游规划理论与方法
    
 
作者: 严国泰 著
分册:  
出版信息: 北京   旅游教育出版社  2006
页数: 201页
开本: 23cm
丛书名: 旅游管理研究丛书
单 册:
中图分类: F590.1
科图分类:
主题词: 旅游经济--经济规划 , 旅游经济 , 经济规划
电子资源:
ISBN: 7-5637-1351-4
000 00887oam2 2200277 450
001 003382260
005 20091208150612.15
010    @a7-5637-1351-4@dCNY22.00
100    @a20070104d2006 em y0chiy0110 ea
101 0  @achi
102    @aCN@b110000
105    @ay z 000yy
106    @ar
200 1  @a旅游规划理论与方法@9lv you gui hua li lun yu fang fa@f严国泰著
210    @a北京@c旅游教育出版社@d2006
215    @a201页@d23cm
225 2  @a旅游管理研究丛书
330    @a本书共分六章,内容包括:旅游规划的基本概念、旅游规划的调查体系、旅游主题形象与发展战略、旅游规划的内容与方法、旅游专项规划、旅游规划保障系统。
461  0 @12001 @a旅游管理研究丛书
606 0  @a旅游经济@x经济规划
606 0  @a旅游经济
606 0  @a经济规划
690    @aF590.1@v4
701  0 @a严国泰@9yan guo tai@c(旅游业)@4著
801  0 @aCN@bNLC@c20091208
905    @b20796055-60@dF590.1@e265@f6
    
    旅游规划理论与方法/严国泰著.-北京:旅游教育出版社,2006
    201页;23cm.-(旅游管理研究丛书)
    
    
    ISBN 7-5637-1351-4:CNY22.00
    本书共分六章,内容包括:旅游规划的基本概念、旅游规划的调查体系、旅游主题形象与发展战略、旅游规划的内容与方法、旅游专项规划、旅游规划保障系统。
●
相关链接 在E读中查询图书 在五车中查询图书 在当当中查询图书 在豆瓣中查询图书


正题名:旅游规划理论与方法     索取号:F590.1/265         预约/预借

序号 登录号 条形码 馆藏地/架位号 状态 备注
1 796055   207960553   第一样本阅览室/ [索取号:F590.1/265] 在馆    
2 796056   207960562   第一借阅区/ [索取号:F590.1/265] 在馆    
3 796057   207960571   第一借阅区/ [索取号:F590.1/265] 在馆    
4 796058   207960580   第一借阅区/ [索取号:F590.1/265] 在馆    
5 796059   207960599   第一借阅区/ [索取号:F590.1/265] 在馆    
6 796060   207960606   密集书库-资源管理系/ [索取号:F590.1/265] 在馆    
唐山师范学院图书馆 欢迎您!
大连网信软件有限公司© 版权所有